| 000 | 00353nam a2200133Ia 4500 | ||
|---|---|---|---|
| 008 | 240624s9999 xx 000 0 und d | ||
| 041 | _aeng | ||
| 082 | _a158.7 PAN | ||
| 100 | _aPANDEY ASHISH | ||
| 245 | _aINDUSTRIAL PSYCHOLOGY PRINCIPLES AND PRA | ||
| 260 |
_c2011 _aNew Delhi _bGlobal Vision Publishing House |
||
| 300 | _a296 : p. | ||
| 365 |
_cRS _b25 |
||
| 999 |
_c21973 _d21973 |
||